[Event "Titled Tue 27th May Late"]
[Site "chess.com INT"]
[Date "2025.05.27"]
[Round "1"]
[White "Concio, Michael Jr."]
[Black "Tamer Waguih, Farid"]
[Result "0-1"]
[WhiteTitle "IM"]
[BlackTitle "FM"]
[WhiteElo "2396"]
[BlackElo "2206"]
[WhiteFideId "5217873"]
[BlackFideId "10685723"]
[EventDate "2025.05.27"]

1. d4 d5 2. Nf3 Nf6 3. Bf4 e6 4. h4 c5 5. e3 Nc6 6. c3 Bd6 7. g3 Qe7 8. Bb5 Bd7
9. Nbd2 a6 10. Bxc6 Bxc6 11. Bxd6 Qxd6 12. Ne5 O-O 13. g4 Nd7 14. Ndf3 f6 15.
Nxd7 Bxd7 16. g5 e5 17. gxf6 Qxf6 18. dxc5 Qxf3 19. Qxf3 Rxf3 20. Rd1 Raf8 21.
Rh2 Bc6 22. b4 h6 23. Rd2 Kf7 24. a4 Ke6 25. Ra2 Rd8 26. Rg2 Kf6 27. Ke2 d4 28.
b5 axb5 29. axb5 d3+ 30. Kd2 Bxb5 31. Rb2 Bc6 32. Rb4 Rf8 33. Rbg4 Rf7 34. Kxd3
Ke7 35. Rxg7 Rxg7 36. Rxg7+ Kf6 37. Rh7 Rxf2 38. Rxh6+ Kf5 39. Rh5+ Kf6 40. Rh6+
Ke7 41. Rh7+ Kf8 42. Rh5 e4+ 43. Kd4 Rd2+ 44. Kc4 Rd3 45. Rf5+ Ke7 46. Re5+ Kf6
47. Rg5 Rxe3 48. Rg1 Rf3 49. Kd4 Rd3+ 50. Kc4 Rd8 51. h5 e3 52. Re1 Re8 53. Kd3
Bb5+ 54. c4 Bc6 55. Rxe3 Rxe3+ 56. Kxe3 Kg5 57. h6 Kxh6 58. Kd4 Kg7 59. Ke5 Kf7
60. Kf5 Ke7 61. Ke5 Kd7 62. Kf5 Kc7 63. Ke5 Ba4 64. Kd5 Bb3 65. Kd4 Kc6 66. Kc3
Bd1 67. Kb4 Bh5 68. Ka5 Kxc5 69. Ka4 Kxc4 70. Ka3 b5 71. Kb2 b4 72. Ka2 b3+ 73.
Kb2 Bf7 74. Ka1 Kb4 75. Kb2 Bg8 76. Ka1 Kc3 0-1

[Event "Titled Tue 27th May Late"]
[Site "chess.com INT"]
[Date "2025.05.27"]
[Round "1"]
[White "Pribelszky, Bence"]
[Black "Alizadeh, Mohammad Mahdi"]
[Result "0-1"]
[WhiteTitle "IM"]
[BlackTitle "CM"]
[WhiteElo "2400"]
[BlackElo "2015"]
[WhiteFideId "769738"]
[BlackFideId "22598820"]
[EventDate "2025.05.27"]

1. c4 c5 2. Nf3 g6 3. d4 cxd4 4. Nxd4 Nc6 5. e4 Bg7 6. Be3 d6 7. Nc3 Nf6 8. f3
Bd7 9. Qd2 Rc8 10. Be2 a5 11. O-O O-O 12. Ndb5 Ne5 13. b3 Bc6 14. Na4 Bxb5 15.
cxb5 Ned7 16. b6 Nc5 17. Nxc5 dxc5 18. Qxa5 Nd7 19. Rad1 Qxb6 20. Qb5 Qxb5 21.
Bxb5 Ne5 22. Rc1 b6 23. Rfd1 Nc6 24. Bxc6 Rxc6 25. b4 Rfc8 26. bxc5 bxc5 27. Rc4
e6 28. Rdc1 Bf8 29. a4 Ra6 30. Ra1 Rb8 31. a5 Rb5 32. Bd2 Bg7 33. Ra2 Bd4+ 34.
Kf1 e5 35. Ke2 f5 36. f4 exf4 37. exf5 gxf5 38. Rca4 Kf7 39. Bxf4 Ke6 40. Be3
Kd5 41. Bxd4 cxd4 42. Rd2 Rbxa5 43. Raxd4+ Ke5 44. Rd7 Ra7 45. R2d5+ Rxd5 46.
Rxa7 h6 47. Ra6 Rd6 48. Rxd6 Kxd6 49. Kf3 Ke5 50. Kg3 Ke6 51. Kh4 Kf6 52. Kh5
Kg7 53. Kh4 Kg6 54. Kg3 Kg5 55. Kf3 f4 56. Ke4 Kg4 57. Ke5 h5 58. Kf6 h4 59. Ke5
h3 60. gxh3+ Kf3 61. h4 Ke3 62. h5 f3 63. h6 f2 64. Kf6 f1=Q+ 65. Kg7 Qa1+ 66.
Kg8 Qa8+ 67. Kg7 Qb7+ 68. Kg8 Qc8+ 69. Kg7 Qd7+ 70. Kg8 Qg4+ 71. Kf7 Qh5+ 72.
Kg7 Qg5+ 73. Kh7 Kf4 74. h4 Qxh4 75. Kg7 Qg5+ 76. Kh7 Kf5 77. Kh8 Qxh6+ 78. Kg8
Qg6+ 79. Kh8 Qf6+ 80. Kg8 Qe7 81. Kh8 Kg6 82. Kg8 Qd8# 0-1

[Event "Titled Tue 27th May Late"]
[Site "chess.com INT"]
[Date "2025.05.27"]
[Round "1"]
[White "Liu, Jason"]
[Black "Naranjo Moreno, Antonio"]
[Result "1/2-1/2"]
[WhiteTitle "CM"]
[BlackTitle "FM"]
[WhiteElo "2064"]
[BlackElo "2289"]
[WhiteFideId "2514656"]
[BlackFideId "2278626"]
[EventDate "2025.05.27"]

1. e4 e5 2. Nf3 Nc6 3. Bc4 Nf6 4. O-O Nxe4 5. Nc3 Nxc3 6. dxc3 Be7 7. Qd5 O-O 8.
Nxe5 Nxe5 9. Qxe5 c6 10. Bf4 d5 11. Bd3 Bf6 12. Qh5 g6 13. Qf3 Bg7 14. Rfe1 Be6
15. h3 Qd7 16. Rad1 Rae8 17. Qg3 Rd8 18. Be5 Bf5 19. Bxg7 Kxg7 20. Qe5+ f6 21.
Bxf5 Qxf5 22. Qxf5 gxf5 23. Re7+ Rf7 24. Rde1 Rd7 25. Re8 d4 26. cxd4 Rxd4 27.
R1e2 Rd1+ 28. Kh2 Rb1 29. b3 Rb2 30. a4 a6 31. Kg3 c5 32. Kf4 c4 33. R8e3 cxb3
34. cxb3 Rxe2 35. Rxe2 Kg6 36. Re3 Rc7 37. Rg3+ Kf7 38. Kxf5 Rc5+ 39. Ke4 Rc2
40. Rf3 Ke6 41. g4 h6 42. Kf4 Rb2 43. h4 Rd2 44. Re3+ Kf7 45. f3 Rd4+ 46. Re4
Rd3 47. Rb4 Rd7 48. Rb6 Rd4+ 49. Ke3 Rd7 50. Ke4 Kg6 51. Re6 Rc7 52. Rb6 Rd7 53.
b4 Rc7 54. b5 Rc4+ 55. Ke3 Rxa4 56. Rxb7 axb5 57. Rxb5 Ra3+ 58. Kf4 Ra4+ 59. Kg3
Ra6 60. Rb7 h5 61. Rb5 hxg4 62. Kxg4 Ra4+ 63. f4 Ra1 64. h5+ Kh6 65. Rb6 Kg7 66.
Rb7+ Kh6 67. Rf7 Ra6 68. Kf5 Ra5+ 69. Kxf6 Kxh5 70. f5 Kh6 71. Re7 Rb5 72. Re3
Rb6+ 73. Re6 Rb5 74. Kf7+ Kh7 75. f6 Rb7+ 76. Re7 Rb6 77. Ke8+ Kh8 78. f7 Rb8+
79. Kd7 Kg7 80. Ke6 Rb6+ 81. Kd7 Rb7+ 82. Kd6 Rb6+ 83. Kc7 Rf6 84. Rd7 Rxf7 85.
Rxf7+ Kxf7 1/2-1/2

[Event "Titled Tue 27th May Late"]
[Site "chess.com INT"]
[Date "2025.05.27"]
[Round "1"]
[White "Thorhallsson, Simon"]
[Black "Sklokin, Sergey"]
[Result "0-1"]
[WhiteTitle "FM"]
[BlackTitle "FM"]
[WhiteElo "2218"]
[BlackElo "2311"]
[WhiteFideId "2310090"]
[BlackFideId "55730230"]
[EventDate "2025.05.27"]

1. Nf3 c5 2. g3 d5 3. Bg2 Nc6 4. O-O Nf6 5. d4 g6 6. c4 Bg7 7. cxd5 Nxd5 8. e4
Nf6 9. d5 Nb8 10. Nc3 O-O 11. e5 Nfd7 12. Re1 Nb6 13. Bf4 Bg4 14. h3 Bxf3 15.
Bxf3 N8d7 16. e6 Nf6 17. exf7+ Rxf7 18. Qb3 Qd7 19. Kg2 Raf8 20. Rad1 h6 21. Be3
c4 22. Qc2 Kh7 23. h4 Ng4 24. Bxg4 Qxg4 25. Qe4 Qxe4+ 26. Nxe4 Bxb2 27. d6 exd6
28. Nxd6 Rf6 29. Ne4 Re6 30. Bxb6 Rxb6 31. Rd7+ Bg7 32. Rc1 Rc6 33. Rxb7 c3 34.
Rxc3 Rxc3 35. Nxc3 Kh8 36. Nd5 a5 37. Nf4 Rf6 38. Ra7 Rb6 39. Rxa5 Kg8 40. Ra7
Bd4 41. Ra4 Be5 42. Nd5 Rb2 43. Ne3 Re2 44. Kf3 Re1 45. Ra8+ Kh7 46. a4 Ra1 47.
a5 Bc3 48. a6 Ra2 49. Nd1 Bd4 50. Ke4 Bb6 51. f4 Rd2 52. Nc3 Rg2 53. Nd5 Bc5 54.
Nc7 Rxg3 55. Rc8 Ra3 56. Ne6 Ra4+ 57. Kd5 Bf2 58. Rc7+ Kg8 59. Rc6 Bxh4 60. Nc5
Ra2 61. Rc7 Bf2 62. a7 h5 63. Rc8+ Kg7 64. a8=Q Rxa8 65. Rxa8 h4 66. Ne4 Be3 67.
Ke5 h3 68. Ra2 Bg1 69. Ng3 h2 70. Nh1 Kh6 71. Ke4 Kh5 72. Kf3 Kh4 73. Rg2 Kh5
74. Kg3 g5 0-1

[Event "Titled Tue 27th May Late"]
[Site "chess.com INT"]
[Date "2025.05.27"]
[Round "1"]
[White "Bogaudinov, Rushan"]
[Black "Ahmad, Khagan"]
[Result "1-0"]
[WhiteTitle "FM"]
[BlackTitle "IM"]
[WhiteElo "1912"]
[BlackElo "2405"]
[WhiteFideId "4129288"]
[BlackFideId "13431552"]
[EventDate "2025.05.27"]

1. g3 Nf6 2. Bg2 c5 3. c4 g6 4. Nf3 Bg7 5. O-O O-O 6. Nc3 Nc6 7. d4 d6 8. d5 Na5
9. Qd3 a6 10. e4 b5 11. cxb5 axb5 12. Nxb5 Ba6 13. a4 c4 14. Qe2 Nb3 15. Ra3
Bxb5 16. axb5 Qc7 17. Rxa8 Rxa8 18. e5 Nxd5 19. Ng5 e6 20. exd6 Qxd6 21. Qxc4
Nxc1 22. Rxc1 Bxb2 23. Rb1 Ra1 24. Qc8+ Kg7 25. Qc2 Rxb1+ 26. Qxb1 Bf6 27. Ne4
Qb6 28. Nxf6 Nxf6 29. Qb2 g5 30. h3 h5 31. Bc6 g4 32. h4 Kg6 33. Qe5 Nh7 34.
Qe4+ Kg7 35. Qe5+ Kg6 36. Be4+ f5 37. Bc6 Nf8 38. Qe3 Qc7 39. Be8+ Kf6 40. Bxh5
Qc4 41. b6 Qb4 42. Be8 Ng6 43. Bxg6 Kxg6 44. Qxe6+ Kg7 45. Qe5+ Kg6 46. Qe6+ Kg7
47. Qc6 Qb1+ 48. Kg2 f4 49. gxf4 Qb3 50. b7 g3 51. fxg3 Qb2+ 52. Kh3 Qb1 53.
Qc7+ Kg6 54. Qd6+ Kf5 55. Kg2 Qc2+ 56. Kf3 Qb3+ 57. Ke2 Qb2+ 58. Ke3 Qc1+ 59.
Kd4 Qd2+ 60. Kc5 Qa5+ 61. Kc6 Qa6+ 62. Kc7 Qc4+ 63. Kd7 Qf7+ 64. Kc8 Qe8+ 65.
Qd8 Qc6+ 66. Kb8 Kg4 67. Qc8+ Kxg3 68. Qxc6 Kf2 69. Kc7 Ke1 70. b8=Q Kf2 71. Qd8
Kg1 72. f5 Kh2 73. f6 Kg3 74. h5 Kg4 75. h6 Kg5 76. f7+ Kh5 77. Qdd5+ Kg4 78. h7
Kh3 79. f8=Q Kg3 80. Qc3+ Kg4 81. Qfg7+ Kf4 82. Qgf6+ Kg4 83. Qdg5# 1-0

[Event "Titled Tue 27th May Late"]
[Site "chess.com INT"]
[Date "2025.05.27"]
[Round "1"]
[White "Ebrahimi Herab, Hamidreza"]
[Black "Demchenko, Yaroslav"]
[Result "1-0"]
[WhiteTitle "FM"]
[BlackTitle "CM"]
[WhiteElo "2404"]
[BlackElo "2286"]
[WhiteFideId "22512888"]
[BlackFideId "14186667"]
[EventDate "2025.05.27"]

1. d4 e6 2. c4 d5 3. Nc3 a6 4. e4 dxe4 5. Nxe4 Nf6 6. Nc3 Bb4 7. Be3 O-O 8. h3
c5 9. Ne2 cxd4 10. Nxd4 Qc7 11. Qc2 Nc6 12. a3 Nxd4 13. Bxd4 Be7 14. Be2 Bd7 15.
O-O Bc6 16. Rad1 Rfd8 17. b4 Rac8 18. Qb2 Qf4 19. Be3 Qe5 20. Rxd8+ Rxd8 21. Rd1
Rxd1+ 22. Nxd1 Qxb2 23. Nxb2 Ne4 24. b5 axb5 25. cxb5 Bd5 26. a4 Nc3 27. Bf3 Ba3
28. Bxd5 exd5 29. Nd3 Nxa4 30. Bd4 f6 31. Kf1 Kf8 32. Ke2 Ke7 33. Kd2 Kd6 34.
Kc2 Bc5 35. Ba1 Nb6 36. Kb3 Nc4 37. Bc3 Ne5 38. Nf4 Bxf2 39. Nh5 d4 40. Bb4+ Kd5
41. Nxg7 d3 42. Nh5 Kd4 43. Nxf6 Ke3 44. Nd5+ Ke2 45. Nf4+ Ke3 46. Nd5+ Ke2 47.
Nc3+ Kf1 48. g4 Kg2 49. Bd6 Nf3 50. Ne4 Be1 51. Bf4 Kxh3 52. Nf6 Nd4+ 53. Kc4 d2
54. Bxd2 Bxd2 55. Kxd4 Bc1 56. Nxh7 Kxg4 57. Nf6+ Kf5 58. Nd5 Ke6 59. Kc5 Ba3+
60. Kc4 Kd6 61. Nc3 Kc7 62. Kd5 Bb4 63. Na4 Be1 64. Nc5 Kb6 65. Kc4 Bf2 66. Ne4
Ka7 67. Nxf2 Kb6 68. Ne4 Ka5 69. Kc5 b6+ 70. Kc6 Kb4 71. Kxb6 Kc4 72. Kc6 Kd4
73. b6 Kc4 74. b7 1-0

[Event "Titled Tue 27th May Late"]
[Site "chess.com INT"]
[Date "2025.05.27"]
[Round "1"]
[White "Chassard, Cedric"]
[Black "Manolache, Marius"]
[Result "0-1"]
[WhiteTitle "FM"]
[BlackTitle "GM"]
[WhiteElo "2250"]
[BlackElo "2408"]
[WhiteFideId "16243536"]
[BlackFideId "1201530"]
[EventDate "2025.05.27"]

1. Nf3 Nf6 2. b3 d6 3. Bb2 e5 4. e3 c6 5. c4 Nbd7 6. Be2 Be7 7. O-O O-O 8. Qc2
h6 9. d4 e4 10. Nfd2 d5 11. Ba3 Bxa3 12. Nxa3 Qe7 13. Nab1 Nb6 14. cxd5 cxd5 15.
Qc5 Qe6 16. Qc7 Bd7 17. Qe5 Rac8 18. Qxe6 Bxe6 19. Na3 Ne8 20. Rac1 Nd6 21. Rc5
Nd7 22. Rcc1 a6 23. Rfd1 f5 24. g3 g5 25. Kf1 Kg7 26. Ke1 Kg6 27. Nf1 Nb8 28.
Kd2 Nc6 29. Rc5 Nb4 30. Ra1 b6 31. Rxc8 Rxc8 32. Bd1 Bd7 33. Nc2 Nd3 34. f4 a5
35. Ne1 Nb4 36. a3 Nc6 37. Rc1 Kf6 38. Be2 g4 39. a4 h5 40. Rc3 Rh8 41. Ng2 Nb4
42. Ke1 Ke7 43. Nd2 Kd8 44. Nb1 b5 45. axb5 Bxb5 46. Na3 Bxe2 47. Kxe2 Kd7 48.
Rc5 Nc6 49. Rxd5 Ke6 50. Rc5 Ne7 51. Rxa5 Rb8 52. Nc4 Rxb3 53. Ra6 Nc8 54. Nxd6
Nxd6 55. Ne1 Rb2+ 56. Kd1 Rxh2 57. Ra8 h4 58. gxh4 Nc4 59. Nc2 Nb2+ 60. Kc1 Nd3+
61. Kb1 g3 62. Rg8 g2 63. Ka2 g1=Q 64. Rxg1 Rxc2+ 65. Kb3 Rh2 66. Rg6+ Kf7 67.
Rg5 Kf6 68. Rh5 Nf2 69. Kc4 Ng4 70. d5 Rc2+ 71. Kd4 Rd2+ 72. Kc5 Nxe3 73. d6
Rc2+ 74. Kb6 Nc4+ 75. Kc7 Ne5+ 76. Kd8 Nf7+ 77. Kd7 Rd2 78. Kc7 Rxd6 79. Rh7 Re6
80. Kd7 e3 81. Rh8 Nxh8 82. h5 e2 83. h6 e1=Q 84. h7 Qd2+ 85. Kc7 Qd6+ 86. Kc8
Re8+ 87. Kb7 Re7+ 88. Kc8 Qc7# 0-1

[Event "Titled Tue 27th May Late"]
[Site "chess.com INT"]
[Date "2025.05.27"]
[Round "1"]
[White "Ansat, Aldiyar"]
[Black "Krotov, Damian"]
[Result "1-0"]
[WhiteTitle "IM"]
[WhiteElo "2489"]
[BlackElo "1967"]
[WhiteFideId "13715658"]
[BlackFideId "24208213"]
[EventDate "2025.05.27"]

1. e4 c6 2. d4 d5 3. Nc3 dxe4 4. Nxe4 Bf5 5. Ng3 Bg6 6. h4 h6 7. Nf3 Nd7 8. h5
Bh7 9. Bd3 Bxd3 10. Qxd3 e6 11. Bd2 Ngf6 12. O-O-O Be7 13. Kb1 O-O 14. Ne4 Nxe4
15. Qxe4 Nf6 16. Qe2 Qd5 17. Be3 Kh8 18. c4 Qe4+ 19. Qc2 Qxc2+ 20. Kxc2 Ng4 21.
Ne5 Nxe3+ 22. fxe3 Rad8 23. Rhf1 Kg8 24. Rf3 Bf6 25. Ng4 Bg5 26. e4 f5 27. exf5
Rxf5 28. Rxf5 exf5 29. Ne5 Bf6 30. Nf3 Kf7 31. b4 Re8 32. Kd3 Re4 33. a4 Rg4 34.
Rd2 Ke6 35. b5 Kd6 36. Re2 a6 37. bxa6 bxa6 38. a5 Rg3 39. Rb2 Bd8 40. Ra2 Bf6
41. Re2 Bd8 42. c5+ Kd7 43. Ra2 Bf6 44. Kc4 Rg4 45. Rb2 Kc7 46. Re2 Kd7 47. Rf2
Kc7 48. Rb2 Rg3 49. Kd3 Rg4 50. Ke3 Re4+ 51. Kd3 Rg4 52. Rf2 Re4 53. Rc2 Rg4 54.
Re2 Rg3 55. Kc4 Rg4 56. Rf2 Kd7 57. Ra2 Kc7 58. Rb2 Rg3 59. Re2 Rg4 60. Ne5 Bxe5
61. Rxe5 Rxg2 62. Rxf5 Rg5 63. Rxg5 hxg5 64. d5 cxd5+ 65. Kxd5 g4 66. Ke4 Kc6
67. Kf4 Kb5 68. Kxg4 Kxa5 69. Kf5 Kb5 70. Ke6 a5 71. Kd6 a4 72. c6 a3 73. c7 a2
74. c8=Q a1=Q 75. Qc5+ Ka6 76. Qe5 Qa4 77. Ke7 Qb4+ 78. Kf7 Qb3+ 79. Kxg7 Qb7+
80. Kg6 Qb1+ 81. Qf5 Qg1+ 82. Kh7 Kb7 83. h6 Kb8 84. Qf8+ Kc7 85. Qg7+ 1-0

[Event "Titled Tue 27th May Late"]
[Site "chess.com INT"]
[Date "2025.05.27"]
[Round "1"]
[White "Karas, Eugenia"]
[Black "Vagman, Roy"]
[Result "0-1"]
[WhiteTitle "WFM"]
[BlackTitle "FM"]
[WhiteElo "2124"]
[BlackElo "2417"]
[WhiteFideId "463485"]
[BlackFideId "2828995"]
[EventDate "2025.05.27"]

1. Nf3 g6 2. d4 Bg7 3. c4 Nf6 4. g3 O-O 5. Bg2 d6 6. O-O Nc6 7. d5 Na5 8. Nfd2
c5 9. Nc3 a6 10. e4 b5 11. cxb5 axb5 12. Nxb5 Ba6 13. a4 Nd7 14. Qc2 Rb8 15. Nc4
Bxb5 16. axb5 Rxb5 17. Qa4 Rb4 18. Qxa5 Rxc4 19. Qxd8 Rxd8 20. Ra7 Rb4 21. Bd2
Rxb2 22. Ba5 Rbb8 23. Bxd8 Rxd8 24. Bh3 Ne5 25. f4 Nc4 26. Rxe7 Nd2 27. Rd1 Bf6
28. Rd7 Rxd7 29. Bxd7 Nxe4 30. Kg2 Bd4 31. Rb1 Kg7 32. Rb7 Kf8 33. Bc6 c4 34.
Rb4 Nd2 35. Ra4 c3 36. Ra8+ Kg7 37. Ba4 Nc4 38. Kf3 Nb6 39. Ra6 Bc5 40. Bb3 Nd7
41. Ra1 h5 42. Ke4 Bb4 43. Kd3 Nb6 44. Rf1 Kf6 45. h3 Nd7 46. Kc4 Ba5 47. Ra1
Bb6 48. Kxc3 Bf2 49. g4 hxg4 50. hxg4 Bg3 51. Rf1 Nc5 52. Rf3 Bf2 53. Bc2 Bg1
54. g5+ Kg7 55. Rf1 Bh2 56. Kd4 Bg3 57. Rf3 Be1 58. f5 gxf5 59. Bxf5 Bd2 60. Bc2
Bxg5 61. Rg3 Kf6 62. Rf3+ Ke7 63. Bf5 Bf6+ 64. Kc4 Be5 65. Bc2 Nd7 66. Bf5 Nb6+
67. Kb5 Nxd5 68. Kc6 Nb4+ 69. Kb5 Nd5 70. Kc4 Nf6 71. Kd3 d5 72. Bh3 Kd6 73. Rf1
Ke7 74. Bg2 d4 75. Rf5 Ke6 76. Rf1 Ng8 77. Bh3+ Ke7 78. Ke4 f6 79. Rb1 Nh6 80.
Rb7+ Kd6 81. Rh7 Ng8 82. Rg7 Ne7 83. Rg1 Kc5 84. Rc1+ Kd6 85. Rc2 Ng6 86. Bf5
Nf4 87. Rf2 Nd5 88. Ra2 Nc3+ 89. Kd3 Nxa2 90. Be4 Nc3 91. Bf5 Kc5 92. Be4 Nxe4
93. Kxe4 Kc4 94. Kf3 d3 95. Kf2 Kc3 96. Ke1 d2+ 97. Kd1 f5 98. Ke2 Kc2 99. Kf3
d1=Q+ 0-1

[Event "Titled Tue 27th May Late"]
[Site "chess.com INT"]
[Date "2025.05.27"]
[Round "1"]
[White "Hernandez Leon, Sergio"]
[Black "Papasimakopoulos, Alexandros"]
[Result "1/2-1/2"]
[WhiteTitle "CM"]
[BlackTitle "IM"]
[WhiteElo "2106"]
[BlackElo "2366"]
[WhiteFideId "2285622"]
[BlackFideId "4244125"]
[EventDate "2025.05.27"]

1. e4 e6 2. Qe2 c5 3. Nf3 Nc6 4. g3 g6 5. Bg2 Bg7 6. c3 Nge7 7. O-O O-O 8. Rd1
d5 9. d3 a5 10. a4 b6 11. Na3 Ba6 12. Nb5 Na7 13. c4 Nxb5 14. cxb5 Bb7 15. Bg5
h6 16. Bxe7 Qxe7 17. exd5 Bxd5 18. d4 Rac8 19. Ne5 cxd4 20. Rxd4 Bxg2 21. Kxg2
Rc5 22. Re4 Bxe5 23. Rxe5 Rfc8 24. Rxc5 Qxc5 25. Rd1 Qb4 26. Qe3 Qxa4 27. Rd6
Qxb5 28. Rxb6 Qd5+ 29. Qf3 Qxf3+ 30. Kxf3 Rc5 31. b4 Rc3+ 32. Kg2 a4 33. Ra6 a3
34. b5 Rb3 35. b6 g5 36. b7 Rxb7 37. Rxa3 Rb4 38. h3 Kg7 39. Ra7 h5 40. Ra5 Kg6
41. Rc5 h4 42. g4 Kf6 43. Rc6 Rb5 44. Ra6 Ke5 45. Ra7 f6 46. Ra6 Rd5 47. Ra4 f5
48. gxf5 exf5 49. Ra8 Ke4 50. Ra4+ Rd4 51. Ra5 Kf4 52. Ra8 Rb4 53. Ra7 g4 54.
hxg4 fxg4 55. Rf7+ Kg5 56. Rg7+ Kf5 57. Rf7+ Kg6 58. Rf8 Rb5 59. Rg8+ Kf5 60.
Rf8+ Kg5 61. Rg8+ Kf4 62. Rf8+ Rf5 63. Ra8 h3+ 64. Kg1 Re5 65. Rf8+ Rf5 66. Ra8
Rf6 67. Ra4+ Kg5 68. Ra8 Rb6 69. Rg8+ Kf5 70. Rf8+ Ke5 71. Re8+ Re6 72. Rg8 Kf5
73. Rf8+ Rf6 74. Ra8 Kg5 75. Rg8+ Rg6 76. Rb8 Rh6 77. Rg8+ Kh4 78. Rg7 Rh8 79.
Ra7 Rf8 80. Rh7+ Kg5 81. Rg7+ Kf4 82. Ra7 Rh8 83. Rf7+ Ke4 84. Re7+ Kf5 85. Rf7+
Kg5 86. Rg7+ Kf5 87. Rf7+ Kg6 88. Ra7 h2+ 89. Kh1 Kg5 90. Ra5+ Kf4 91. Ra7 Kf3
92. Rf7+ Ke2 93. Rf4 Rh4 94. Rf7 Kf1 95. Rf8 Rh7 96. Rf4 Ke2 97. Rxg4 Kxf2 98.
Rg2+ Kf1 99. Rxh2 Rg7 100. Rh6 Rf7 101. Rh5 Kf2 102. Rh2+ Kf1 103. Rh5 Rf6 104.
Rh3 Rf5 105. Rh4 Rg5 106. Rf4+ Ke2 107. Rf8 Rg7 108. Kh2 Ke3 109. Kh3 Ke4 110.
Kh4 Rg1 111. Re8+ Kf4 112. Rf8+ Ke4 113. Re8+ Kf4 114. Rf8+ Ke4 1/2-1/2

[Event "Titled Tue 27th May Late"]
[Site "chess.com INT"]
[Date "2025.05.27"]
[Round "2"]
[White "Mgeladze, Tamaz"]
[Black "Garcia, Jhoel"]
[Result "1-0"]
[WhiteTitle "IM"]
[BlackTitle "IM"]
[WhiteElo "2388"]
[BlackElo "2304"]
[WhiteFideId "13601202"]
[BlackFideId "3801110"]
[EventDate "2025.05.27"]

1. c4 e6 2. Nf3 Nf6 3. g3 d5 4. Bg2 Be7 5. b3 O-O 6. O-O b6 7. Bb2 Bb7 8. e3 c5
9. Nc3 Nc6 10. cxd5 Nxd5 11. Nxd5 Qd6 12. Nxe7+ Qxe7 13. d4 1-0

[Event "Titled Tue 27th May Late"]
[Site "chess.com INT"]
[Date "2025.05.27"]
[Round "2"]
[White "Da Matta, Eduardo Cesar"]
[Black "Thorhallsson, Simon"]
[Result "0-1"]
[BlackTitle "FM"]
[WhiteElo "2047"]
[BlackElo "2218"]
[WhiteFideId "2193108"]
[BlackFideId "2310090"]
[EventDate "2025.05.27"]

1. d4 g6 2. c4 Bg7 3. Nc3 d6 4. e4 Nc6 5. Be3 e5 6. Nge2 Nf6 7. d5 Ne7 8. h3 O-O
9. Ng3 Nd7 10. Be2 f5 11. exf5 gxf5 12. f4 exf4 13. Bxf4 Ng6 14. Bc1 Qh4 0-1

[Event "Titled Tue 27th May Late"]
[Site "chess.com INT"]
[Date "2025.05.27"]
[Round "2"]
[White "Lazavik, Denis"]
[Black "Haydon, David L"]
[Result "1-0"]
[WhiteTitle "GM"]
[BlackTitle "FM"]
[WhiteElo "2577"]
[BlackElo "2275"]
[WhiteFideId "13515110"]
[BlackFideId "415405"]
[EventDate "2025.05.27"]

1. Nf3 c6 2. g3 d5 3. Bg2 Bg4 4. O-O Bxf3 5. Bxf3 e6 6. d4 Nf6 7. Nd2 Bd6 8. e4
dxe4 9. Nxe4 Nxe4 10. Bxe4 Nd7 11. c3 Nf6 12. Bg2 h6 13. Re1 Qc7 14. Qf3 O-O-O
15. b4 Kb8 16. Rb1 e5 17. dxe5 Bxe5 18. b5 Rhe8 19. bxc6 b6 20. Rxe5 Rxe5 21.
Bf4 Rde8 22. h4 Nd5 23. Qxd5 Rxd5 24. Bxc7+ Kxc7 25. Bxd5 1-0

[Event "Titled Tue 27th May Late"]
[Site "chess.com INT"]
[Date "2025.05.27"]
[Round "2"]
[White "Fascio Outerbridge, Arno Augusto"]
[Black "Hiwale, Ronak"]
[Result "0-1"]
[WhiteTitle "CM"]
[WhiteElo "2060"]
[BlackElo "2105"]
[WhiteFideId "6610862"]
[BlackFideId "30975336"]
[EventDate "2025.05.27"]

1. Nf3 g6 2. g3 Nf6 3. Bg2 Bg7 4. d4 O-O 5. O-O d6 6. c4 Nc6 7. Nc3 e5 8. d5 Ne7
9. e4 Ne8 10. Bg5 f5 11. Qd2 Nf6 12. Rfe1 Kh8 13. b4 Neg8 14. c5 h6 15. Be3 Ng4
16. Nh4 Kh7 17. f4 Nxe3 18. Qxe3 exf4 19. Qd3 fxg3 20. Qxg3 Qg5 21. Qxg5 hxg5
22. exf5 0-1

[Event "Titled Tue 27th May Late"]
[Site "chess.com INT"]
[Date "2025.05.27"]
[Round "2"]
[White "Al Busaidi, Hamood"]
[Black "Alvarado, Carlos"]
[Result "0-1"]
[WhiteTitle "CM"]
[BlackTitle "CM"]
[WhiteElo "2027"]
[BlackElo "2032"]
[WhiteFideId "22006230"]
[BlackFideId "3800555"]
[EventDate "2025.05.27"]

1. e4 c6 2. d4 d5 3. e5 Bf5 4. Bd3 Bxd3 5. Qxd3 e6 6. f4 Ne7 7. Nf3 Nd7 8. O-O
c5 9. c3 Qb6 10. Kh1 h6 11. Qe2 O-O-O 12. Be3 Nf5 13. dxc5 Bxc5 14. Bxc5 Nxc5
15. Na3 Ne4 16. Nd4 Nfg3+ 17. hxg3 Nxg3+ 18. Kh2 Nxe2 19. Nxe2 Qxb2 20. Nd4 Qxa3
21. Nb5 Qc5 22. Nd6+ Rxd6 23. exd6 Qxd6 24. c4 dxc4 25. Rac1 b5 26. a4 a6 27.
axb5 axb5 28. Ra1 Kb7 0-1

[Event "Titled Tue 27th May Late"]
[Site "chess.com INT"]
[Date "2025.05.27"]
[Round "2"]
[White "Nayak, Rajesh"]
[Black "Pakleza, Zbigniew"]
[Result "0-1"]
[WhiteTitle "FM"]
[BlackTitle "GM"]
[WhiteElo "2286"]
[BlackElo "2484"]
[WhiteFideId "35017152"]
[BlackFideId "1119290"]
[EventDate "2025.05.27"]

1. Nf3 d6 2. b3 g6 3. Bb2 f6 4. h4 h6 5. e3 e6 6. Bd3 Kf7 7. h5 g5 8. Bg6+ Kg7
9. Nc3 Ne7 10. Ne4 e5 11. d4 Nxg6 12. hxg6 Be7 13. dxe5 dxe5 14. Nxe5 Qxd1+ 15.
Rxd1 Bf5 16. Ng3 Bxg6 17. Nxg6 Kxg6 18. Nf5 Kxf5 0-1

[Event "Titled Tue 27th May Late"]
[Site "chess.com INT"]
[Date "2025.05.27"]
[Round "2"]
[White "Mizzi, Jack"]
[Black "Vakhidov, Jakhongir"]
[Result "0-1"]
[WhiteTitle "CM"]
[BlackTitle "GM"]
[WhiteElo "2086"]
[BlackElo "2546"]
[WhiteFideId "5602521"]
[BlackFideId "14201801"]
[EventDate "2025.05.27"]

1. d4 Nf6 2. c4 c5 3. Nf3 cxd4 4. Nxd4 Nc6 5. Nc3 g6 6. Bg5 Bg7 7. Nxc6 bxc6 8.
Qd2 h6 9. Bf4 d6 10. e4 Nd7 11. Be2 Rb8 12. h4 Qa5 13. g4 Rxb2 14. Qxb2 Bxc3+
15. Bd2 Bxb2 16. Bxa5 Bxa1 17. Kd2 Bd4 18. f4 Nf6 19. Rb1 O-O 20. Kd3 Bc5 21. g5
Nxe4 0-1

[Event "Titled Tue 27th May Late"]
[Site "chess.com INT"]
[Date "2025.05.27"]
[Round "2"]
[White "Bauml, Broderick Kenneth"]
[Black "Sailer, Mike"]
[Result "0-1"]
[WhiteElo "2089"]
[BlackElo "2108"]
[WhiteFideId "30972477"]
[BlackFideId "2012901"]
[EventDate "2025.05.27"]

1. Nf3 d5 2. g3 Nf6 3. Bg2 Bf5 4. O-O e6 5. c4 Nbd7 6. d3 Be7 7. Nh4 Bg4 8. h3
Bh5 9. g4 Bg6 10. Nxg6 hxg6 11. Nc3 c6 12. Rb1 Qc7 13. b4 Bd6 14. e4 dxc4 15.
dxc4 Bh2+ 16. Kh1 Bf4 17. Bb2 Rh4 18. Kg1 Bh2+ 19. Kh1 Nxg4 20. hxg4 Bf4+ 21.
Kg1 Bh2+ 22. Kh1 Bg1+ 23. Bh3 Rxh3+ 24. Kg2 Qh2# 0-1

[Event "Titled Tue 27th May Late"]
[Site "chess.com INT"]
[Date "2025.05.27"]
[Round "2"]
[White "Materia, Marco"]
[Black "Wuebker, Paul-Luca"]
[Result "1-0"]
[WhiteTitle "IM"]
[BlackTitle "CM"]
[WhiteElo "2489"]
[BlackElo "2244"]
[WhiteFideId "45150451"]
[BlackFideId "12939528"]
[EventDate "2025.05.27"]

1. Nf3 Nc6 2. d4 d6 3. d5 Nb8 4. e4 Nf6 5. Nc3 Nbd7 6. Bd3 e6 7. Qe2 Be7 8. dxe6
fxe6 9. e5 Nxe5 10. Nxe5 dxe5 11. Qxe5 O-O 12. Qe2 Qd4 13. Be3 Qb4 14. O-O-O Nd5
15. Nxd5 exd5 16. Qh5 Bf6 17. Bxh7+ Kh8 18. Bg6+ Kg8 19. Qh7# 1-0